[Event "Bangkok Big Rook op 4th"]
[Site "Bangkok"]
[Date "2024.05.02"]
[Round "4"]
[White "Wiwatanadate, Poompong"]
[Black "Ko, Ko Ohn"]
[Result "1/2-1/2"]
[WhiteElo "1996"]
[BlackElo "2116"]
[PlyCount "101"]
[EventDate "2024.05.01"]
[EventType "swiss"]
[EventRounds "9"]
[EventCountry "THA"]
[SourceTitle "CB19_2024"]
[SourceDate "2024.05.08"]
[SourceVersion "1"]
[SourceVersionDate "2024.05.08"]
[SourceQuality "1"]

1. d4 Nf6 2. c4 g6 3. Nc3 Bg7 4. e4 d6 5. f3 Nc6 6. Nge2 e5 7. Be3 0-0 8. Qd2 exd4 9. Nxd4 Re8 10. Be2 Bd7 11. 0-0 a6 12. Rad1 Rb8 13. Nc2 Ne5 14. b4 Be6 15. Nd5 Nxd5 16. exd5 Bd7 17. c5 Ba4 18. Rc1 Qe7 19. cxd6 cxd6 20. Bg5 f6 21. Bh4 Qf7 22. f4 Nd7 23. Nd4 Nb6 24. Ne6 Bb5 25. Bxb5 axb5 26. Rc7 Re7 27. Rxe7 Qxe7 28. f5 g5 29. Bf2 Nc4 30. Qe2 Ra8 31. Rc1 Qf7 32. Rc3 Ra4 33. Bd4 Bf8 34. Qc2 Rxb4 35. Rb3 Rxb3 36. axb3 Ne5 37. Qc8 h5 38. Bxe5 fxe5 39. Nxg5 Qxd5 40. Qe6+ Qxe6 41. Nxe6 Kf7 42. Kf2 Bh6 43. Kf3 d5 44. Nc7 e4+ 45. Kf2 d4 46. Nxb5 Be3+ 47. Ke2 Ke7 48. g3 Bg1 49. Kf1 Be3 50. Ke2 Bg1 51. Kf1 1/2-1/2

[Event "Bangkok Olympiad Qual"]
[Site "Bangkok"]
[Date "2024.03.27"]
[Round "6"]
[White "Arunnuntapanich, Tinnakrit"]
[Black "Ko, Ko Ohn"]
[Result "1-0"]
[WhiteElo "2065"]
[BlackElo "2113"]
[PlyCount "85"]
[EventDate "2024.03.24"]
[EventType "swiss"]
[EventRounds "7"]
[EventCountry "THA"]
[SourceTitle "CB14_2024"]
[SourceDate "2024.04.01"]
[SourceVersion "1"]
[SourceVersionDate "2024.04.01"]
[SourceQuality "1"]

1. d4 Nf6 2. c4 e6 3. Nf3 c5 4. d5 exd5 5. cxd5 d6 6. Nc3 Be7 7. e4 0-0 8. Bd3 Bg4 9. h3 Bxf3 10. Qxf3 Nbd7 11. Be2 a6 12. a4 Rc8 13. 0-0 c4 14. Re1 Re8 15. a5 Bf8 16. Ra4 Rc5 17. Bf4 Rxa5 18. Rxc4 Ne5 19. Bxe5 Rxe5 20. Qd3 Re8 21. b4 Ra3 22. Qc2 g6 23. Qb2 Rxc3 24. Qxc3 Nxe4 25. Qc2 Nf6 26. Rd1 Qb6 27. Bf3 h5 28. Qa4 Re5 29. Qa5 Qa7 30. b5 Qa8 31. b6 Qe8 32. Rc7 g5 33. g4 hxg4 34. hxg4 Ne4 35. Rxb7 f5 36. Rc7 Nf6 37. b7 fxg4 38. Rc8 Qh5 39. Rxf8+ Kxf8 40. b8Q+ Ne8 41. Qad8 gxf3 42. Qdxd6+ Re7 43. Qc8 1-0

[Event "Bangkok Big Rook op"]
[Site "Bangkok"]
[Date "2024.02.25"]
[Round "5"]
[White "Rolston, Daniel Haruma"]
[Black "Ko, Ko Ohn"]
[Result "0-1"]
[WhiteElo "1592"]
[BlackElo "2126"]
[PlyCount "56"]
[EventDate "2024.02.23"]
[EventType "swiss"]
[EventRounds "7"]
[EventCountry "THA"]
[SourceTitle "CB10_2024"]
[SourceDate "2024.03.06"]
[SourceVersion "1"]
[SourceVersionDate "2024.03.06"]
[SourceQuality "1"]

1. e4 c5 2. c3 d6 3. d4 Nf6 4. dxc5 Nc6 5. cxd6 Nxe4 6. Be3 e6 7. Bd3 Nxd6 8. Nd2 Be7 9. Qc2 h6 10. Ngf3 Bd7 11. Ne4 Nxe4 12. Bxe4 Qc7 13. 0-0-0 0-0-0 14. Rhe1 Na5 15. Bd4 f6 16. Nh4 Qf4+ 17. Kb1 Qxh4 18. Bxa7 Kc7 19. Rxd7+ Rxd7 20. Qa4 Rd5 21. b4 Nc6 22. Bxd5 exd5 23. Qb5 Qc4 24. Qb6+ Kc8 25. Rxe7 Nxe7 26. Qe6+ Kd8 27. Bb6+ Ke8 28. Qd6 Kf7 0-1

[Event "Bangkok Rooky op"]
[Site "Bangkok"]
[Date "2023.10.23"]
[Round "6"]
[White "Nguyen, Thi Minh Oanh"]
[Black "Ko, Ko Ohn"]
[Result "1/2-1/2"]
[WhiteElo "1880"]
[BlackElo "2145"]
[PlyCount "111"]
[EventDate "2023.10.20"]
[EventType "swiss"]
[EventRounds "7"]
[EventCountry "THA"]
[SourceTitle "Mega2024 Update 01"]
[Source "Chessbase"]
[SourceDate "2023.11.12"]
[SourceVersion "1"]
[SourceVersionDate "2023.11.12"]
[SourceQuality "1"]

1. d4 Nf6 2. Bg5 c5 3. Bxf6 gxf6 4. d5 Qb6 5. Qc1 Bh6 6. e3 f5 7. g3 e5 8. Ne2 Qd6 9. Bg2 b5 10. c4 bxc4 11. Na3 Ba6 12. Nxc4 Bxc4 13. Qxc4 Na6 14. 0-0 Rb8 15. Qc2 e4 16. Rfd1 Nb4 17. Qc4 Nd3 18. Rxd3 exd3 19. Qxd3 Qf6 20. Nc3 Rxb2 21. Rc1 d6 22. Bh3 0-0 23. Bxf5 Kh8 24. g4 Rg8 25. Kh1 Qh4 26. Rc2 Rxc2 27. Qxc2 Qh3 28. Kg1 Qf3 29. h3 Qxh3 30. Ne4 Rd8 31. Nxd6 Rxd6 32. g5 Qh4 33. gxh6 Rxh6 34. Be4 Qf6 35. Kf1 Rh2 36. Kg1 Rh5 37. Kf1 Qa1+ 38. Ke2 Rh2 39. d6 Qf6 40. Bf3 Qxd6 41. Qf5 Rh6 42. Qxf7 Rf6 43. Qe8+ Rf8 44. Qh5 Rd8 45. Kf1 Rg8 46. Be2 Rg6 47. f4 Qf6 48. Kf2 Qa1 49. Bf1 Qxa2+ 50. Kf3 Qa1 51. Bd3 Qd1+ 52. Be2 Qd6 53. Bd3 Qxd3 54. Qe5+ Kg8 55. Qe8+ Kg7 56. Qe7+ 1/2-1/2

[Event "Bangkok Rooky op"]
[Site "Bangkok"]
[Date "2023.10.21"]
[Round "3"]
[White "Ko, Ko Ohn"]
[Black "Gudmundsson, Petur Steinn"]
[Result "1-0"]
[WhiteElo "2145"]
[BlackElo "1530"]
[PlyCount "57"]
[EventDate "2023.10.20"]
[EventType "swiss"]
[EventRounds "7"]
[EventCountry "THA"]
[SourceTitle "Mega2024 Update 01"]
[Source "Chessbase"]
[SourceDate "2023.11.12"]
[SourceVersion "1"]
[SourceVersionDate "2023.11.12"]
[SourceQuality "1"]

1. e4 c5 2. Nf3 e6 3. c4 Nc6 4. d4 cxd4 5. Nxd4 e5 6. Nc2 Nf6 7. Nc3 Bc5 8. Be2 0-0 9. 0-0 h6 10. Kh1 a6 11. f4 exf4 12. Bxf4 Re8 13. Qd3 Ne5 14. Qg3 Ng6 15. e5 Nh7 16. Bh5 Nxf4 17. Qxf4 Rf8 18. Ne4 Be7 19. Bxf7+ Kh8 20. Nd4 Bg5 21. Qg3 Bh4 22. Qd3 Qe7 23. Nf5 Qxf7 24. Nxh4 Qh5 25. Qg3 Rxf1+ 26. Rxf1 Qe2 27. Ng6+ Kg8 28. Qf4 Qxc4 29. Nf6+ 1-0

[Event "Phuket Blue Chevaliers op"]
[Site "Phuket"]
[Date "2023.07.26"]
[Round "5"]
[White "Koganti, Ashleesh"]
[Black "Ko, Ko Ohn"]
[Result "1-0"]
[WhiteElo "1722"]
[BlackElo "2169"]
[PlyCount "103"]
[EventDate "2023.07.23"]
[EventType "swiss"]
[EventRounds "9"]
[EventCountry "THA"]
[SourceTitle "CBM 215 Extra"]
[Source "ChessBase"]
[SourceDate "2023.09.30"]
[SourceVersion "1"]
[SourceVersionDate "2023.09.30"]
[SourceQuality "1"]

1. d4 Nf6 2. c4 e6 3. g3 Bb4+ 4. Bd2 Be7 5. Bg2 d5 6. Nf3 0-0 7. 0-0 b6 8. cxd5 exd5 9. Qc2 Bb7 10. Bf4 Nc6 11. Nc3 a6 12. Rfd1 Re8 13. Rac1 h6 14. Ne5 Nb4 15. Qf5 Bc8 16. Qb1 Bb7 17. a3 Nc6 18. Nxc6 Bxc6 19. Bxc7 Qd7 20. b4 a5 21. Be5 Rad8 22. Bxf6 Bxf6 23. e3 h5 24. Qc2 Ba8 25. h3 h4 26. g4 g6 27. Qa2 Qd6 28. Ne2 Bg5 29. Qd2 Re7 30. Rc3 Rde8 31. Rdc1 Bb7 32. R1c2 Rd7 33. Nc1 f5 34. Bf3 f4 35. exf4 Bxf4 36. Qd3 Re1+ 37. Kg2 Rde7 38. Ne2 Bh2 39. Rc1 R1xe2 40. Bxe2 Bf4 41. R1c2 Be3 42. Bf1 Bf4 43. Re2 Rf7 44. Qd1 Qf6 45. Kg1 Bd6 46. Bg2 Qf4 47. Qd3 Kg7 48. Rcc2 Qh2+ 49. Kf1 Bg3 50. Re6 Kg8 51. Qxg6+ Kf8 52. Rce2 1-0

[Event "Bangkok Blue Chevaliers op"]
[Site "Bangkok"]
[Date "2023.04.13"]
[Round "3"]
[White "Sek, Konstantin"]
[Black "Ko, Ko Ohn"]
[Result "1-0"]
[WhiteElo "2434"]
[BlackElo "2200"]
[PlyCount "107"]
[EventDate "2023.04.12"]
[EventType "swiss"]
[EventRounds "9"]
[EventCountry "THA"]
[SourceTitle "EXT 2024"]
[Source "ChessBase"]
[SourceDate "2023.10.10"]
[SourceVersion "1"]
[SourceVersionDate "2023.10.10"]
[SourceQuality "1"]

1. e4 c5 2. Nf3 d6 3. d4 cxd4 4. Nxd4 Nf6 5. Nc3 a6 6. h3 e5 7. Nb3 Be6 8. Be3 Nbd7 9. Qf3 Be7 10. 0-0-0 Qc7 11. g4 Nb6 12. g5 Nfd7 13. h4 Nc4 14. Bxc4 Bxc4 15. h5 0-0-0 16. Kb1 Kb8 17. Qg3 Rc8 18. f4 Ka8 19. f5 f6 20. g6 h6 21. Rh2 b5 22. Qg1 Rb8 23. Nd5 Bxd5 24. Rxd5 Nb6 25. Bxb6 Rxb6 26. Qd1 Rc6 27. Rhd2 Rc8 28. a3 Rc4 29. Re2 Rc6 30. Nc1 Rc5 31. Rxc5 dxc5 32. Rd2 Rd8 33. Rxd8+ Qxd8 34. Qe1 Kb7 35. Ne2 Qd6 36. Nc3 Qd4 37. Nd5 Bd8 38. Qe2 Kc6 39. Ka2 c4 40. c3 Qc5 41. Nb4+ Kd7 42. Nxa6 Qd6 43. Nb4 Bb6 44. Nd5 Bc5 45. Qd1 Kc8 46. b4 cxb3+ 47. Qxb3 Qa6 48. Kb2 Kd8 49. Nb4 Bxb4 50. axb4 Qb6 51. Qg8+ Kc7 52. Qxg7+ Kb8 53. Qf8+ Kb7 54. Qc5 1-0